Terminologia zwierząt domowych u Gagauzów

Elmentve itt :
Bibliográfiai részletek
Szerző: Zajączkowski Włodzimierz
Dokumentumtípus: Cikk
Megjelent: Nakladem Polskiego Towarzystwa Orientalistycznego Kraków 1953
Sorozat:Rocznik Orientalistyczny
Kulcsszavak:Gagauz nyelvtörténet
Tárgyszavak:
Online Access:http://misc.bibl.u-szeged.hu/65313
LEADER 00840nab a2200241 i 4500
001 misc65313
005 20240916102246.0
008 230811s1953 hu o 000 pol d
040 |a SZTE Miscellanea Repozitórium  |b hun 
041 |a pol 
041 |a tut 
100 1 |a Zajączkowski Włodzimierz 
245 1 0 |a Terminologia zwierząt domowych u Gagauzów  |h [elektronikus dokumentum] /  |c  Zajączkowski Włodzimierz 
260 |a Nakladem Polskiego Towarzystwa Orientalistycznego  |b Kraków  |c 1953 
300 |a 386-392  |c 24 cm 
300 |a [7] p.  |c 24 cm 
490 0 |a Rocznik Orientalistyczny 
561 |a Németh Gyula hagyaték 
591 |a NOA 6522 
650 4 |a Bölcsészettudományok 
650 4 |a Nyelvek és irodalom 
695 |a Gagauz nyelvtörténet 
856 4 0 |u http://misc.bibl.u-szeged.hu/65313/1/6522_noa.pdf  |z Dokumentum-elérés